000
00282nam a22001337a 4500
003
SGT
020
_a
9788179103500
082
_a
302.2,SIN
100
_a
SINHA, MOSAM
245
_a
EFFECTIVE COMMUNICATION SKILLS
260
_a
JAIPUR
_b
APD
_c
2017
300
_a
182
942
_2
ddc
_c
BK
999
_c
33490
_d
33490